Beyond enlargement : trade, business and investment in a changing Europe (Record no. 35792)

MARC details
000 -LEADER
fixed length control field 00893nam a2200229 a 4500
003 - CONTROL NUMBER IDENTIFIER
control field CBULib
005 - DATE AND TIME OF LATEST TRANSACTION
control field 20240422103136.0
008 - FIXED-LENGTH DATA ELEMENTS--GENERAL INFORMATION
fixed length control field 100412s2003 ||||||||||||||||| || u
040 ## - CATALOGING SOURCE
Original cataloging agency CBULib
Language of cataloging English
Transcribing agency CBULib
Modifying agency CBULib
Description conventions rda
050 ## - LIBRARY OF CONGRESS CALL NUMBER
Classification number UN-ECE(02)2003/4
110 ## - MAIN ENTRY--CORPORATE NAME
Corporate name or jurisdiction name as entry element United Nations Economic Commission for Europe (UNECE)
245 10 - TITLE STATEMENT
Title Beyond enlargement : trade, business and investment in a changing Europe
Statement of responsibility, etc /by United Nations Economic Commission for Europe (UN-ECE)
260 ## - PUBLICATION, DISTRIBUTION, ETC. (IMPRINT)
Place of publication, distribution, etc New York :
Name of publisher, distributor, etc United Nations
Date of publication, distribution, etc 2003.
300 ## - PHYSICAL DESCRIPTION
Extent ix, 163 pages. : illustrations
336 ## - CONTENT TYPE
Source rdacontent
Content type term Text |
Content type code txt
337 ## - MEDIA TYPE
Source rdamedia
Media type term Unmediated |
Media type code n
338 ## - CARRIER TYPE
Source rdacarrier
Carrier type term Volume
Carrier type code nc
650 ## - SUBJECT ADDED ENTRY--TOPICAL TERM
Topical term or geographic name as entry element EUROPEAN UNION COUNTRIES--ECONOMIC INTEGRATION
650 ## - SUBJECT ADDED ENTRY--TOPICAL TERM
Topical term or geographic name as entry element EUROPEAN UNION COUNTRIES--ECONOMIC POLICY
942 ## - ADDED ENTRY ELEMENTS (KOHA)
Source of classification or shelving scheme
Koha item type INTERNATIONAL PUBLICATIONS
Holdings
Withdrawn status Lost status Source of classification or shelving scheme Damaged status Not for loan Permanent Location Current Location Date acquired Source of acquisition Full call number Barcode Date last seen Price effective from Koha item type
          CBU-MAIN LIBRARY, KITWE. CBU-MAIN LIBRARY, KITWE. 11/30/2022 DEP-UNECE UN-ECE(02)2003/4 48402 11/30/2022 11/30/2022 INTERNATIONAL PUBLICATIONS